Logique - Mort Subite #2 - Statistiques

Statistiques générales
  • Ce quiz a été pris 304 fois
  • Le résultat moyen est 2 sur 18
Answers on the Grid
Answers color-coded by a green-red scale on the quiz's grid according to % correct below.
France
Mathématicien
Physicien
Paris
Grande
UV
Jeu
Constitution
PQ
Bonne
Réponse
Oups
Bluff
Reykjavik
Indigo
Ronaldinho
Surimi
Penchant
Pendant
Apophtegme
Bricolage
Slow
Limoncello
Tablette
Clique
Piscine
Qatar
Vêtement
Mort
Subites
Argent
Motricité
 
Statistiques - réponses
Réponse % Correct
UV
25%
France
23%
PQ
23%
Mort
22%
Oups
13%
Slow
13%
Clique
12%
Ronaldinho
12%
Apophtegme
11%
Argent
10%
Indigo
9%
Constitution
8%
Limoncello
8%
Surimi
8%
Vêtement
8%
Grande
7%
Penchant
7%
Tablette
4%
Aucun quiz correspondant
Distribution des résultats
% des personnes avec chaque résultat
Percentile par nombre de réponses
Votre historique - résultats
Vous n’avez pas pris ce quiz